[Event "EU-ch 12th"]
[Site "Aix les Bains"]
[Date "2011.04.02"]
[Round "11"]
[White "Inarkiev, Ernesto"]
[Black "Khalifman, Alexander"]
[Result "1-0"]
[WhiteElo "2674"]
[BlackElo "2638"]
[Annotator "Inarkiev,E"]
[PlyCount "117"]
[EventDate "2011.03.22"]
[EventType "swiss"]
[EventRounds "11"]
[EventCountry "FRA"]
[SourceTitle "CBM 142 Extra"]
[Source "ChessBase"]
[SourceDate "2011.06.27"]
[SourceVersion "1"]
[SourceVersionDate "2011.06.27"]
[SourceQuality "1"]

{This is the game from the last round. We both had +4. In the evening before
the game, I was trying to understand, what were my chances to qualify for the
World Cup, if the game was drawn. The tie-break system was new, and at least
strange, so I still don't know the answer, and fortunately, don't need to know
it. The opponent's tie-break scores was not better then mine, and both of us
have to fight for the win.} 1. d4 Nf6 2. c4 g6 3. g3 c5 4. d5 b5 {It seems,
that Khalifman knows every opening, so it's hard to predict what he will play.
The Volga Gambit was, of course, out of my preparation for this game. With
this choice, Black clearly shows the belligerent mood of this game.} 5. cxb5 a6
6. bxa6 Bxa6 7. Bg2 d6 8. Nf3 Bg7 9. O-O Nbd7 10. Nc3 Nb6 $5 {Interesting line.
By attacking the d5-pawn, Black prevents White's setup with Qc2 and Rd1. At
the same time, the way to a5 for the Black's queen is closed now.} (10... O-O {
Transposes to the main line.}) 11. Rb1 {A provocative move.} ({The main line is
} 11. Re1) 11... Bc4 {The critical choice.} ({If} 11... O-O {then} 12. b3) 12.
Ne1 {White can't save the pawn, the question is what is the best way to give
it back.} ({There's no point in} 12. Nd2 $6 Bxa2 13. Nxa2 Rxa2 14. Qb3 Ra8 $13)
({Very interesting is the tricky} 12. Ng5 $5 Bxa2 ({if} 12... h6 {then} 13. b3
$1 Ba6 14. Nf3 $14) 13. Nxa2 Rxa2 14. Qb3 Ra7 15. Qb5+ {and on} Nbd7 16. Ne6 $1
fxe6 17. dxe6 O-O 18. exd7 Qxd7 19. Qxd7 Nxd7 20. b4 $14) 12... Nfd7 $5 $146 {
Interesting novelty. I guess, that Alexander found this move over the board.
He wanted to keep the tension, and to have more pieces on the board.} ({
To justify the previous play, it's more logical for Black to take the pawn.} 
12... Bxa2 13. Nxa2 Rxa2 {White is slightly better after} 14. Nc2 {(/\Na3).}
Ra8 15. b4 $14 {The knight most probably will come to c6. White will have some
pressure, but Black is very solid.} Na4 16. Bd2 O-O 17. bxc5 Nxc5 18. Nb4 $14
Nfe4 {1/2-1/2, Khurtsidze Nino (GEO) 2399 - Izoria Zviad (GEO) 2600, Batumi 
(Georgia) 2003}) 13. a3 {Simply moving the pawn out of attack.} (13. b3 $6 {
is inaccurate:} Bxc3 14. bxc4 Bg7 15. Qb3 O-O $36 {Pawns a2 and c4 are clear
targets for Black's pieces. I would prefer Black in this position.}) 13... O-O
14. Bd2 {(/\b2-b3).} Nf6 15. Bc1 Nfd7 {Black did a lot to complicate the game,
but this repetition is more or less necessary, b2-b3 is a serious threat.} 16.
Bd2 Nf6 17. b3 $1 {Of course, it's not time for the draw! By giving back the
d5 pawn, White gets the bishop pair, and what is more important, opens the
diagonal for the g2-bishop.} Bxd5 {Otherwise, all previous play will become
senseless.} 18. Nxd5 Nfxd5 $6 {He made this move quite quickly, but there's
big difference between knight captures.} ({Better is} 18... Nbxd5 19. a4 $14 {
(/\Nc2-a3-b5/c4).} ({Doesn't give anything} 19. e4 $6 Nc7 20. e5 Nfd5 $13)) 19.
a4 $1 {(/\a5; xNd5). Now White win some tempi, and has a serious initiative.}
e6 20. a5 Nd7 21. b4 $1 $14 {It's incredible, that White's a- and b-pawns,
which are usually in the Volga Gambit the most desired dessert for Black's
pieces and need permanent protection, now became the powerful attacking force
in White's army.} N7f6 {Black's knights have come to the right positions, but
White's pawns have moved a little farther.} ({On} 21... c4 {the most simple is}
22. Bxd5 exd5 23. Be3 $16) 22. Nc2 {White is seriously better, but the
position is stil full of play, it's important to fix the clear advantage now.}
(22. b5 $2 {is too early because of} Rxa5 $1 23. Bxa5 ({If} 23. e4 $6 {then}
Nb4 $1 $15) 23... Qxa5 $13) 22... Re8 {Useful move.} (22... cxb4 23. Nxb4 $16)
23. Qc1 {(/\bc-dc-Na3). Keeping the tension, and planning to bring more pieces
to the queenside.} cxb4 ({More persistent is} 23... Ra7 {here White is also
better after} 24. bxc5 dxc5 25. Rd1 Qc8 26. Na3 $16) 24. Nxb4 Qd7 ({There's no
time for} 24... Nxb4 $2 {(/\d6-d5).} 25. Bxa8 $18) 25. Qc6 $1 {In the endgame,
the a5-pawn becomes more important, and White's advatage increases.} Qxc6 {
The queen on c6 is too strong.} (25... Qa7 26. Nxd5 Nxd5 27. Rfc1 $16) 26. Nxc6
$16 {Now White have clear big advantage, but it still necessary to play well,
to take the maximum from the position.} Nd7 27. Rfc1 Ra6 28. Bf1 {In such
positions it is very important to choose the right moment to force the
position. Every chessplayer knows, if the position with a big advantage
doesn't become winning during long time, then most probably the advantage will
be missed.} ({The most simple here is} 28. Rb5 {planning to take on d5 at the
right moment, but you have to see a nice trick after} Nc5 29. Bxd5 exd5 30.
Ne7+ $1 $18 Rxe7 ({Or} 30... Kf8 31. Nxd5 Rxe2 32. Rb8+ Re8 33. Rxe8+ Kxe8 34.
Nc7+ $18) 31. Rb8+ Bf8 32. Bh6) 28... Nc3 29. Bxc3 Rxc6 30. Bxg7 {Here I had
about 15 minutes till the control, and spent about 10 on this move.} ({The
alternative is} 30. Bb4 {after} Nc5 31. e3 {most probably the position with
opposite-colour bishops will arise. It seems like a more simple way. For
example:} Re7 32. Bg2 $1 Rc8 33. Bxc5 Rxc5 34. Rxc5 dxc5 35. a6 Ra7 36. Rb8+
Bf8 37. Bb7 $18) 30... Rxc1 31. Rxc1 Kxg7 32. a6 {Normally, with such a strong
pawn, the position must be winning, but Black still has some tricks.} Ra8 ({If
} 32... Nc5 {then} 33. a7 Ra8 34. Ra1) 33. Rc6 $1 {A very important move. By
attacking the pawn, White takes the c5-square under his control, so Black
can't attack the a-pawn.} ({Difficult mistake would be} 33. Rc7 $2 Nc5 $1 34.
a7 Na6 $1 35. Rd7 Nc5 36. Bg2 d5 37. Rc7 Na6 38. Rb7 Nc5 $11) 33... d5 34. Rc7
$1 Nf6 ({Or} 34... Nb6 35. e3 $18) 35. e3 Ne8 36. Rd7 Nf6 37. Rb7 Ne4 38. a7
Kf6 39. Rc7 Nd6 40. Ba6 e5 {Now we passed the time control. The position is
technically winning. White's plan is simple - the king is going to help the
a7-pawn.} 41. Kf1 e4 ({Another plan is the attempt to prepare Ne8, in order to
attack the a7-pawn. For example:} 41... Ke6 42. Ke2 h5 ({If} 42... Ne8 $2 {then
} 43. Rc8 $18) 43. h4 $1 f5 44. Kd3 Ne8 45. Rb7 Nd6 46. Rg7 $1 Ne4 ({Or} 46...
Nf7 47. Rxg6+ Ke7 48. Bb7 Rxa7 49. Bxd5 $18) 47. Bb7 $1 Nc5+ 48. Kc2 Nxb7 ({If
} 48... Rxa7 {then} 49. Bxd5+ Kxd5 50. Rxa7 Ne4 51. Ra5+ Ke6 52. f4 $18) 49.
Rxb7 Kd6 50. Rg7 Kc5 51. Kd3 Kb5 52. f4 exf4 53. gxf4 Kc5 54. Rf7 $18) 42. Ke2
Ke5 43. Kd2 d4 44. exd4+ Kxd4 45. Kc2 {The typical situation for the endgame
with the advanced pawn - Black move all his forces to stop the pawn, and
finally can't protect the other side, and of course, the higher mobility of
the bishop also works here.} f5 46. Kb3 Ne8 47. Rxh7 {The simplest way} ({
Now in analysis, it's easy to find that after} 47. Rc4+ Ke5 48. Rc8 Rxa7 49.
Rxe8+ Kf6 50. Bc4 Ra1 {White have a "simple" win} 51. h4 $3 Rg1 52. Kc3 $1 Rg2
53. Kd4 Rxf2 54. g4 $3 $18 {The mate is threatening, and Black can't take the
pawn.} fxg4 55. Rf8+) 47... Kc5 48. h4 Kb6 49. Bc4 $18 {Now it's over} Nc7 ({Or
} 49... Rxa7 50. Rxa7 Kxa7 51. Bf7 $18) 50. Bf7 Rxa7 51. Bxg6 Ra5 52. Rf7 e3
53. Rf6+ $1 Kb7 54. fxe3 Re5 55. h5 Rxe3+ 56. Kc4 Rxg3 57. h6 {Black destroyed
one rook pawn, but another is running too fast.} Rg4+ 58. Kc5 Rh4 59. h7 1-0

[Event "Chigorin Memorial 19th"]
[Site "St Petersburg"]
[Date "2011.10.19"]
[Round "6"]
[White "Khalifman, Alexander"]
[Black "Maiorov, Nikita"]
[Result "1/2-1/2"]
[WhiteElo "2627"]
[BlackElo "2558"]
[PlyCount "54"]
[EventDate "2011.10.14"]
[EventType "swiss"]
[EventRounds "9"]
[EventCountry "RUS"]
[SourceTitle "CBM 144 Extra"]
[Source "ChessBase"]
[SourceDate "2011.10.28"]
[SourceVersion "1"]
[SourceVersionDate "2011.10.28"]
[SourceQuality "1"]

1. d4 Nf6 2. c4 e6 3. g3 d5 4. Bg2 Bb4+ 5. Nd2 O-O 6. Ngf3 dxc4 7. Qc2 Nc6 8.
Qxc4 Qd5 9. O-O Bxd2 10. Qxd5 exd5 11. Bxd2 Bf5 12. Rfc1 Be4 13. e3 Rfc8 14. b4
Nd8 15. b5 Ne6 16. a4 a6 17. Bb4 axb5 18. axb5 Nd7 19. Nd2 Bxg2 20. Kxg2 f5 21.
Kf1 Kf7 22. Ke2 Ke8 23. Kd3 Nb6 24. Ba5 Nd7 25. Bb4 Nb6 26. Ba5 Nd7 27. Bb4 Nb6
1/2-1/2

[Event "Chigorin Memorial 19th"]
[Site "St Petersburg"]
[Date "2011.10.20"]
[Round "7"]
[White "Onischuk, Vladimir"]
[Black "Khalifman, Alexander"]
[Result "1/2-1/2"]
[WhiteElo "2483"]
[BlackElo "2627"]
[PlyCount "111"]
[EventDate "2011.10.14"]
[EventType "swiss"]
[EventRounds "9"]
[EventCountry "RUS"]
[SourceTitle "CBM 144 Extra"]
[Source "ChessBase"]
[SourceDate "2011.10.28"]
[SourceVersion "1"]
[SourceVersionDate "2011.10.28"]
[SourceQuality "1"]

1. e4 c5 2. Nf3 d6 3. d4 cxd4 4. Nxd4 Nf6 5. Nc3 g6 6. Be2 Bg7 7. O-O O-O 8.
Re1 Nc6 9. Nb3 Be6 10. Bf1 d5 11. Nc5 dxe4 12. Qxd8 Raxd8 13. Nxe6 fxe6 14. Bg5
Nd4 15. Rac1 Rc8 16. Red1 Nf5 17. h3 a6 18. a4 e3 19. Bxe3 Nxe3 20. fxe3 Rc7
21. Rb1 Ne8 22. Ne4 Bh6 23. Re1 Rxc2 24. Bd3 Rc8 25. b4 Nd6 26. Nc5 a5 27. Nxe6
Rf6 28. Nf4 Rc3 29. Bb5 Bxf4 30. exf4 Nxb5 31. axb5 a4 32. Rxe7 Rf7 33. Re8+
Kg7 34. Ra8 a3 35. Ra1 Rxf4 36. Ra7 Rc7 37. Ra4 h5 38. R1xa3 Rc1+ 39. Kh2 h4
40. Rf3 Re4 41. Ra2 Rxb4 42. g4 hxg3+ 43. Rxg3 Rxb5 44. Rd2 Rc6 45. Rf3 Kh6 46.
Rf4 g5 47. Re4 Rbc5 48. h4 Kh5 49. hxg5 Rxg5 50. Rb4 b5 51. Rg2 Rcc5 52. Rg3
Kg6 53. Kg2 Rcf5 54. Rxg5+ Kxg5 55. Kg3 Kf6 56. Rf4 1/2-1/2

[Event "Puhajarve rap op 12th"]
[Site "Puhajarve"]
[Date "2011.11.25"]
[Round "4"]
[White "Porrasmaa, Timo"]
[Black "Khalifman, Alexander"]
[Result "1/2-1/2"]
[WhiteElo "2129"]
[BlackElo "2632"]
[PlyCount "114"]
[EventDate "2011.11.25"]
[EventType "tourn (rapid)"]
[EventRounds "29"]
[EventCountry "EST"]
[SourceTitle "CBM 145 Extra"]
[Source "ChessBase"]
[SourceDate "2012.01.03"]
[SourceVersion "1"]
[SourceVersionDate "2012.01.03"]
[SourceQuality "1"]

1. c4 e5 2. Nc3 Nf6 3. Nf3 Nc6 4. d4 exd4 5. Nxd4 Bc5 6. e3 O-O 7. Be2 d5 8.
O-O Bxd4 9. exd4 dxc4 10. d5 Ne5 11. Qd4 Re8 12. Bg5 h6 13. Bh4 Bf5 14. Rad1
Ng6 15. Bxf6 Qxf6 16. Qxf6 gxf6 17. Bxc4 Ne5 18. Bb5 Red8 19. Rfe1 a6 20. Be2
Kf8 21. f4 Ng6 22. g3 Re8 23. Bf3 Rad8 24. Kf2 Rxe1 25. Kxe1 Ne7 26. Kf2 Nc8
27. g4 Bd7 28. Ne4 Kg7 29. Ng3 f5 30. gxf5 Nd6 31. Rc1 Rc8 32. f6+ Kxf6 33.
Ne4+ Ke7 34. Nxd6 cxd6 35. Rxc8 Bxc8 36. Be4 Kd8 37. Ke3 Kc7 38. Kd4 Kb6 39.
Kc4 Ka5 40. Bc2 b5+ 41. Kd4 b4 42. a3 bxa3 43. bxa3 Bd7 44. Kc3 Kb6 45. Kd4 Kb5
46. Bd3+ Ka5 47. Bc2 Bb5 48. Kc3 Kb6 49. Kd4 Bd7 50. Bd3 a5 51. Be2 Bb5 52. Bd1
Bf1 53. Bc2 Kb5 54. Bd1 Bh3 55. Bc2 Bd7 56. Bd1 Bf5 57. Bb3 Bd7 1/2-1/2

[Event "Keres Memorial rap qual 21st"]
[Site "Tallinn"]
[Date "2012.01.06"]
[Round "4"]
[White "Fedoseev, Vladimir"]
[Black "Khalifman, Alexander"]
[Result "1/2-1/2"]
[WhiteElo "2525"]
[BlackElo "2632"]
[PlyCount "22"]
[EventDate "2012.01.06"]
[EventType "swiss (rapid)"]
[EventRounds "7"]
[EventCountry "EST"]
[SourceTitle "CBM 146 Extra"]
[Source "ChessBase"]
[SourceDate "2012.02.29"]
[SourceVersion "1"]
[SourceVersionDate "2012.02.29"]
[SourceQuality "1"]

1. d4 Nf6 2. c4 e6 3. Nc3 Bb4 4. e3 O-O 5. Nge2 d5 6. a3 Be7 7. cxd5 exd5 8. g3
c6 9. Bg2 a5 10. O-O Na6 11. f3 c5 1/2-1/2

[Event "EU-ch 13th"]
[Site "Plovdiv"]
[Date "2012.03.20"]
[Round "1"]
[White "Khalifman, Alexander"]
[Black "Azaladze, Shota"]
[Result "1/2-1/2"]
[WhiteElo "2649"]
[BlackElo "2419"]
[PlyCount "104"]
[EventDate "2012.03.20"]
[EventType "swiss"]
[EventRounds "11"]
[EventCountry "BUL"]
[SourceTitle "CBM 148"]
[Source "ChessBase"]
[SourceDate "2012.05.16"]
[SourceVersion "1"]
[SourceVersionDate "2012.05.16"]
[SourceQuality "1"]

1. d4 g6 2. c4 Bg7 3. Nf3 Nf6 4. g3 O-O 5. Bg2 d6 6. O-O c6 7. Nc3 Qa5 8. e4
Be6 9. Qd3 Qa6 10. b3 d5 11. Ng5 dxe4 12. Bxe4 Bg4 13. Bg2 h6 14. Nge4 Nbd7 15.
Nxf6+ Nxf6 16. Bf4 Rad8 17. Qe3 Qa5 18. Be5 Bc8 19. h3 Nh5 20. d5 Bxe5 21. Qxe5
Nf6 22. Rfe1 cxd5 23. Bxd5 Kg7 24. Kg2 b5 25. Bc6 Rd6 26. cxb5 Rfd8 27. Qc5 Be6
28. b4 Qa3 29. Ne4 Nxe4 30. Rxe4 Qb2 31. Qe5+ Qxe5 32. Rxe5 Rd2 33. a3 Rb2 34.
Re3 Rdd2 35. Rf3 Bc4 36. Kg1 e5 37. Re1 f6 38. Rc3 Be6 39. Bh1 Bxh3 40. Rc7+
Rd7 41. Rec1 Kf8 42. Be4 Rb3 43. Rxd7 Bxd7 44. Rc7 Bxb5 45. Rxa7 f5 46. Bd5
Rb1+ 47. Kg2 e4 48. g4 Be2 49. gxf5 Bf3+ 50. Kg3 g5 51. f6 Rg1+ 52. Kh2 Rh1+
1/2-1/2

[Event "Minsk op"]
[Site "Minsk"]
[Date "2012.07.13"]
[Round "4"]
[White "Ivanov, Mikhail M"]
[Black "Khalifman, Alexander"]
[Result "0-1"]
[WhiteElo "2403"]
[BlackElo "2642"]
[PlyCount "96"]
[EventDate "2012.07.10"]
[EventType "swiss"]
[EventRounds "9"]
[EventCountry "BLR"]
[SourceTitle "EXT 2013"]
[Source "ChessBase"]
[SourceDate "2012.11.22"]
[SourceVersion "1"]
[SourceVersionDate "2012.11.22"]
[SourceQuality "1"]

1. d4 Nf6 2. c4 g6 3. Nc3 d5 4. cxd5 Nxd5 5. e4 Nxc3 6. bxc3 Bg7 7. Nf3 c5 8.
Bb5+ Nc6 9. O-O O-O 10. Be3 Bg4 11. Bxc6 bxc6 12. Rc1 Qa5 13. Qe2 Rfd8 14. Rfd1
Bxf3 15. gxf3 cxd4 16. cxd4 Bxd4 17. Bxd4 Rxd4 18. Rxd4 Qg5+ 19. Kf1 Qxc1+ 20.
Qd1 Qc5 21. Qd2 Rb8 22. Kg2 a5 23. h4 Rb1 24. Rd7 Kg7 25. Qg5 Qxg5+ 26. hxg5
Rb5 27. f4 e5 28. Kf3 exf4 29. Kxf4 Rb2 30. f3 Rxa2 31. Ra7 a4 32. Ra6 a3 33.
Rxc6 Ra1 34. Rc7 a2 35. Ra7 h6 36. gxh6+ Kxh6 37. Ra6 f6 38. Ra8 g5+ 39. Kf5
Rf1 40. Rxa2 Rxf3+ 41. Ke6 g4 42. e5 Kg5 43. Ra8 fxe5 44. Kxe5 Re3+ 45. Kd4 Re7
46. Kd3 g3 47. Ra4 g2 48. Ra8 Re6 0-1

[Event "EU-ch 14th"]
[Site "Legnica"]
[Date "2013.05.06"]
[Round "2"]
[White "Ardelean, George Catalin"]
[Black "Khalifman, Alexander"]
[Result "0-1"]
[WhiteElo "2510"]
[BlackElo "2614"]
[PlyCount "101"]
[EventDate "2013.05.05"]
[EventType "swiss"]
[EventRounds "11"]
[EventCountry "POL"]
[SourceTitle "CBM 155"]
[Source "ChessBase"]
[SourceDate "2013.07.16"]
[SourceVersion "1"]
[SourceVersionDate "2013.07.16"]
[SourceQuality "1"]

1. e4 e6 2. d4 d5 3. Nc3 Bb4 4. e5 c5 5. Bd2 Ne7 6. Nce2 Bxd2+ 7. Qxd2 Nbc6 8.
f4 Qb6 9. O-O-O c4 10. g4 Qa6 11. Kb1 b5 12. Ng3 Qb6 13. Nh5 Rg8 14. Nf3 b4 15.
Rg1 Ba6 16. f5 c3 17. Qg5 O-O-O 18. Nxg7 cxb2 19. Qf6 Bc4 20. fxe6 Bxa2+ 21.
Kxb2 Qa5 22. Rd3 fxe6 23. Nxe6 Bc4 24. Nxd8 Rxd8 25. Nd2 Qa2+ 26. Kc1 Qa1+ 27.
Nb1 Ba2 28. Kd2 Bxb1 29. Be2 Qb2 30. Rc1 Ba2 31. e6 Bc4 32. Re3 Bxe2 33. Rxe2
a5 34. Kd1 Qxd4+ 35. Qxd4 Nxd4 36. Rf2 Nxe6 37. Rf7 Nc6 38. Rxh7 Rf8 39. Kd2 a4
40. h4 a3 41. g5 Ne5 42. Rd1 Rf2+ 43. Kc1 b3 44. cxb3 Nc6 45. Rxd5 a2 46. Rh8+
Kb7 47. Rd7+ Nc7 48. Rxc7+ Kxc7 49. Ra8 Nd4 50. g6 Nxb3+ 51. Kd1 0-1

[Event "EU-ch 14th"]
[Site "Legnica"]
[Date "2013.05.09"]
[Round "5"]
[White "Mamedov, Rauf"]
[Black "Khalifman, Alexander"]
[Result "1/2-1/2"]
[WhiteElo "2649"]
[BlackElo "2614"]
[PlyCount "33"]
[EventDate "2013.05.05"]
[EventType "swiss"]
[EventRounds "11"]
[EventCountry "POL"]
[SourceTitle "CBM 155"]
[Source "ChessBase"]
[SourceDate "2013.07.16"]
[SourceVersion "1"]
[SourceVersionDate "2013.07.16"]
[SourceQuality "1"]

1. e4 c5 2. Nf3 d6 3. Bb5+ Nd7 4. O-O Ngf6 5. d4 cxd4 6. Qxd4 g6 7. e5 dxe5 8.
Qxe5 Bg7 9. Re1 e6 10. Qd6 a6 11. Bf1 Bf8 12. Qd3 Bg7 13. Qa3 Bf8 14. Qa4 Bg7
15. Qa3 Bf8 16. Qa4 Bg7 17. Qa3 1/2-1/2

[Event "Voronezh op-A 18th"]
[Site "Voronezh"]
[Date "2014.06.12"]
[Round "1"]
[White "Khalifman, Alexander"]
[Black "Kostin, Konstantin"]
[Result "0-1"]
[WhiteElo "2617"]
[BlackElo "2312"]
[Annotator "Schulz,Andre"]
[PlyCount "82"]
[EventDate "2014.06.12"]
[EventType "swiss"]
[EventRounds "9"]
[EventCountry "RUS"]
[SourceTitle "CBM 160 Extra"]
[Source "ChessBase"]
[SourceDate "2014.07.01"]
[SourceVersion "1"]
[SourceVersionDate "2014.07.01"]
[SourceQuality "1"]

1. Nf3 d5 2. d4 Nf6 3. c4 c6 4. Nc3 dxc4 5. a4 Bf5 6. e3 e6 7. Bxc4 Bb4 8. O-O
Nbd7 9. Nh4 Bg4 10. f3 Bh5 11. g4 Bg6 12. Ng2 Qc7 $5 13. e4 O-O-O {Meist
rochiert Schwarz in dieser Variante kurz, aber da Weiß sich mit g4 schon am
Königsflügel kompromomittiert hat...} 14. Be3 e5 15. Qe2 exd4 16. Bxd4 Nb6
17. Be3 Nxc4 18. Qxc4 Bd6 19. h3 h5 20. g5 Ng4 $1 21. hxg4 ({Nach} 21. fxg4 {
ist} Bh2+ 22. Kh1 (22. Kf2 Qg3+ $19) 22... Qg3 {sehr unangenehm. Weiß hat
aber noch} (22... hxg4 23. Nf4 $18) 23. h4 Qh3 (23... hxg4 24. Nd1 Rxh4 25.
Rxf7 Bxf7 26. Qxf7 Bg1+ 27. Kxg1 Rh2 28. Qe6+ Rd7 (28... Kb8 29. Bf4+ $2 $18)
29. Qg8+ Rd8 30. Qe6+ $11) 24. Rf3 $1 Qxf3 (24... Bg3+ 25. Kg1 Qh2+ 26. Kf1
Qh1+ 27. Bg1 $11) 25. Kxh2 hxg4 {und nun den Gegenangriff} 26. Qc5 {Nach} Rd3
27. Qxa7 Rxc3 ({sonst folgt} 27... Z0 28. Qa8+ Kc7 29. Nb5+ cxb5 30. Rc1+ $18)
28. Qa8+ Kc7 29. Qa5+ (29. Qxh8 $2 Rxe3 30. Nxe3 Qf2+ 31. Ng2 Bxe4 {und Matt.})
29... Kc8 30. Qa8+ {gibt Weiß Dauerschach.}) 21... Bh2+ 22. Kf2 (22. Kh1 hxg4
$19) 22... Qg3+ 23. Ke2 hxg4 (23... Qxg2+ 24. Rf2 Qg3 25. gxh5 Bxh5 26. Qc5 $13
) 24. Nf4 ({Auch nach} 24. Ne1 gxf3+ 25. Nxf3 Bh5 26. Rf2 Bg1 27. Rxg1 Qxg1 28.
Qc5 Qa1 $17 {bleibt Schwarz im Vorteil.}) 24... Bg1 {Räumt h2 für den Turm.}
25. Bxg1 Qxf4 26. Rad1 {Weiß hat eine Figur mehr, doch der schwarze Angriff
gegen den weißen König, der nun im Zentrum steht, ist sehr heftig.} gxf3+ 27.
Ke1 Rde8 $6 ({Besser war} 27... Rxd1+ 28. Kxd1 (28. Nxd1 Re8 $19) 28... Rd8+
29. Kc2 Rd2+ 30. Kb1 f2 31. Bxf2 Rxf2 $17) 28. Rd4 Rh1 29. Kd1 ({Weiß verpasst
} 29. Bf2 Rxf1+ 30. Qxf1 (30. Kxf1 $2 Rh8 $19) 30... Bxe4 {und nun das kühle}
31. Kd1 $16) 29... f2 30. Bxf2 Qxf2 31. Rxh1 Qf3+ 32. Kc2 Qxh1 33. Kb3 $6 ({
Spielbar war} 33. Nb5 Kb8 34. Nd6 Rd8 35. Qc5 Qh2+ 36. Kc3 $15) 33... Qh3 34.
Rd6 $2 {Erst dieser Fehler entscheidet diese turbulente Partie zugunsten von
Schwarz. Weiß gibt die Deckung von e4 auf.} Rxe4 35. Qc5 Qe3 36. Rxc6+ bxc6
37. Qxc6+ Kd8 38. Ka2 Qd4 39. Qa8+ Kd7 40. Qb7+ Kd8 41. Qa8+ Ke7 0-1

[Event "Voronezh op-A 18th"]
[Site "Voronezh"]
[Date "2014.06.13"]
[Round "2"]
[White "Tarasov, Alexandr"]
[Black "Khalifman, Alexander"]
[Result "0-1"]
[WhiteElo "2194"]
[BlackElo "2617"]
[PlyCount "96"]
[EventDate "2014.06.12"]
[EventType "swiss"]
[EventRounds "9"]
[EventCountry "RUS"]
[SourceTitle "CBM 160 Extra"]
[Source "ChessBase"]
[SourceDate "2014.07.01"]
[SourceVersion "1"]
[SourceVersionDate "2014.07.01"]
[SourceQuality "1"]

1. d4 g6 2. c4 Bg7 3. e4 d6 4. Nc3 Nf6 5. Nf3 O-O 6. Be2 c5 7. O-O cxd4 8. Nxd4
Nc6 9. Be3 Bd7 10. Qd2 Nxd4 11. Bxd4 Bc6 12. Bd3 a5 13. Rfe1 a4 14. Nd5 Nd7 15.
Bxg7 Kxg7 16. Re3 e5 17. Rh3 h5 18. Nc3 Nc5 19. Bc2 Bd7 20. Re3 Ra6 21. Rd1 Qa5
22. h3 Rd8 23. Nd5 Qxd2 24. Rxd2 Be6 25. Nc7 Rc6 26. Nxe6+ fxe6 27. g3 Rb6 28.
Bd1 Kf6 29. f4 Rb4 30. b3 axb3 31. axb3 b5 32. cxb5 Nxe4 33. Rde2 d5 34. fxe5+
Kxe5 35. Bc2 Rc8 36. b6 Rb8 37. Bxe4 dxe4 38. Rc2 R8xb6 39. Rc5+ Kd4 40. Rcc3
Ra6 41. Kf1 Ra2 42. h4 Rd2 43. Ke1 Rh2 44. Kf1 e5 45. Ke1 Rb8 46. b4 Rxb4 47.
Rb3 Rc4 48. Kd1 Rcc2 0-1

[Event "Voronezh op-A 18th"]
[Site "Voronezh"]
[Date "2014.06.14"]
[Round "3"]
[White "Khalifman, Alexander"]
[Black "Kachar, Vladimir"]
[Result "1-0"]
[WhiteElo "2617"]
[BlackElo "2283"]
[PlyCount "45"]
[EventDate "2014.06.12"]
[EventType "swiss"]
[EventRounds "9"]
[EventCountry "RUS"]
[SourceTitle "CBM 160 Extra"]
[Source "ChessBase"]
[SourceDate "2014.07.01"]
[SourceVersion "1"]
[SourceVersionDate "2014.07.01"]
[SourceQuality "1"]

1. d4 Nf6 2. c4 e6 3. Nf3 d5 4. Nc3 dxc4 5. e4 Bb4 6. Bg5 c5 7. Bxc4 cxd4 8.
Nxd4 Bxc3+ 9. bxc3 Qa5 10. Bb5+ Nbd7 11. Bxf6 Qxc3+ 12. Kf1 gxf6 13. h4 a6 14.
Rh3 Qa5 15. Ba4 b5 16. Bb3 Qb6 17. Rc1 Bb7 18. Rhc3 Ne5 19. f4 Rd8 20. fxe5
Rxd4 21. Qf3 f5 22. Qf2 fxe4 23. Rc7 1-0